Загрузка...

Politics in the Roman Republic /

Библиографические подробности
Главный автор: Mouritsen, Henrik
Формат: Printed Book
Язык:English
Предметы:
Online-ссылка:Contributor biographical information
Publisher description
Table of contents only
LEADER 01345cam a2200265 i 4500
008 161024s2017 nyu 000 0 eng
999 |c 332000  |d 332000 
010 |a  2016047823 
020 |a 9781107031883 
020 |a 9781107651333 (pbk.) 
042 |a pcc 
043 |a aw-----  |a e------  |a ff----- 
082 0 0 |a 320.93709/014  |2 23 
100 1 |a Mouritsen, Henrik, 
245 1 0 |a Politics in the Roman Republic /  |c Henrik Mouritsen, King's College, London. 
300 |a xii, 202 pages ;  |c 23 cm 
505 0 |a Senatus populusque romanus: institutions and practices -- Leaders and masses in the Roman republic -- Consensus and competition. 
856 4 2 |3 Contributor biographical information  |u https://www.loc.gov/catdir/enhancements/fy1702/2016047823-b.html 
856 4 2 |3 Publisher description  |u https://www.loc.gov/catdir/enhancements/fy1702/2016047823-d.html 
856 4 1 |3 Table of contents only  |u https://www.loc.gov/catdir/enhancements/fy1702/2016047823-t.html 
942 |c BK 
651 0 |a Rome  |x Politics and government  |y 510-30 B.C. 
906 |a 7  |b cbc  |c orignew  |d 1  |e ecip  |f 20  |g y-gencatlg 
955 |b rf11 2016-10-24  |i rf11 2016-10-24 to SL  |a xn08 2017-06-07 1 copy rec'd., to CIP ver. 
952 |0 0  |1 0  |2 ddc  |4 0  |6 320_937090000000000_014_MOU_P  |7 0  |9 378662  |a HIS  |b HIS  |c ST1  |d 2019-02-21  |i 26151  |l 0  |o 320.93709/014 MOU/P  |p HIS26151  |r 2019-02-21  |w 2019-02-21  |y BK